LEADER 01576aam 2200433I 450 001 9910709590903321 005 20140722103731.0 024 8 $aGOVPUB-C13-8827f81c7b8473ffdd429e4b13d99f2a 035 $a(CKB)5470000002479088 035 $a(OCoLC)884337963 035 $a(EXLCZ)995470000002479088 100 $a20140722d2013 ua 0 101 0 $aeng 181 $2rdacontent 182 $2rdamedia 183 $2rdacarrier 200 10$aHydrated phases in blended cement systems and synthetic saltstone grouts /$fKenneth A. Snyder; Paul A. Stutzman 210 1$aGaithersburg, MD :$cU.S. Dept. of Commerce, National Institute of Standards and Technology,$d2013. 215 $a1 online resource (50 pages) $cillustrations (black and white) 225 1 $aNISTIR ;$v7947 300 $aContributed record: Metadata reviewed, not verified. Some fields updated by batch processes. 300 $aJune 2013. 300 $aTitle from PDF title page (viewed July 9, 2014). 320 $aIncludes bibliographical references. 606 $aCement 606 $aHydration 615 0$aCement. 615 0$aHydration. 700 $aSnyder$b Kenneth A$01380797 701 $aSnyder$b Kenneth A$01380797 701 $aStutzman$b Paul A$01394805 712 02$aNational Institute of Standards and Technology (U.S.).$bEngineering Laboratory. 801 0$bNBS 801 1$bNBS 801 2$bGPO 906 $aBOOK 912 $a9910709590903321 996 $aHydrated phases in blended cement systems and synthetic saltstone grouts$93452566 997 $aUNINA